Asylum : (Record no. 1404)

MARC details
000 -LEADER
fixed length control field 01029pam a22003374a 4500
005 - DATE AND TIME OF LATEST TRANSACTION
control field 20260322212059.0
008 - FIXED-LENGTH DATA ELEMENTS--GENERAL INFORMATION
fixed length control field data
010 ## - LIBRARY OF CONGRESS CONTROL NUMBER
LC control number 2009003622
020 ## - INTERNATIONAL STANDARD BOOK NUMBER
International Standard Book Number 9780262013499 (hardcover : alk. paper)
020 ## - INTERNATIONAL STANDARD BOOK NUMBER
International Standard Book Number 0262013495
040 ## - CATALOGING SOURCE
Original cataloging agency DNLM
Transcribing agency DNLM
041 09 - LANGUAGE CODE
Language code of text/sound track or separate title eng
042 ## - AUTHENTICATION CODE
Authentication code pcc
044 ## - COUNTRY OF PUBLISHING/PRODUCING ENTITY CODE
-- United States
060 00 - NATIONAL LIBRARY OF MEDICINE CALL NUMBER
Classification number WM 17
Item number P346a 2009
092 ## - LOCALLY ASSIGNED DEWEY CALL NUMBER (OCLC)
Classification number 362.21 P346a 2009
001 - CONTROL NUMBER
control field data
100 1# - MAIN ENTRY--PERSONAL NAME
Personal name Payne, Christopher,
Dates associated with a name 1968-
245 10 - TITLE STATEMENT
Title Asylum :
Remainder of title inside the closed world of state mental hospitals /
Statement of responsibility, etc. Christopher Payne & Oliver W. Sacks.
260 ## - PUBLICATION, DISTRIBUTION, ETC.
Place of publication, distribution, etc. Cambridge, MA :
Name of publisher, distributor, etc. MIT Press,
Date of publication, distribution, etc. c2009.
300 ## - PHYSICAL DESCRIPTION
Extent 209 p. :
Other physical details ill.
505 0# - FORMATTED CONTENTS NOTE
Formatted contents note Asylum / Oliver Sacks -- The state mental hospitals / Christopher Payne -- The photographs.
650 12 - SUBJECT ADDED ENTRY--TOPICAL TERM
Topical term or geographic name entry element Hospitals, Psychiatric
General subdivision history
650 22 - SUBJECT ADDED ENTRY--TOPICAL TERM
Topical term or geographic name entry element Architecture as Topic
650 22 - SUBJECT ADDED ENTRY--TOPICAL TERM
Topical term or geographic name entry element History, 20th Century
650 22 - SUBJECT ADDED ENTRY--TOPICAL TERM
Topical term or geographic name entry element History, 19th Century
651 #2 - SUBJECT ADDED ENTRY--GEOGRAPHIC NAME
Geographic name United States
655 #2 - INDEX TERM--GENRE/FORM
Genre/form data or focus term Pictorial Works
700 1# - ADDED ENTRY--PERSONAL NAME
Personal name Sacks, Oliver W.
994 ## -
-- CDN
-- 20091015
Holdings
Withdrawn status Lost status Damaged status Not for loan Home library Current library Shelving location Date acquired Total checkouts Full call number Barcode Date last seen Price effective from Koha item type
        Franklin Franklin General stacks 22/03/2026   GEN BC0011451 22/03/2026 22/03/2026 Books